Faculty of Law Library — Cairo University

Official Online Catalog

إنقضاء الدعوى التأديبية : (Record no. 52159)

MARC details
000 -LEADER
fixed length control field 01345nam a2200325 i 4500
003 - CONTROL NUMBER IDENTIFIER
control field EG-GICUC
005 - DATE AND TIME OF LATEST TRANSACTION
control field 20260121101532.0
008 - FIXED-LENGTH DATA ELEMENTS--GENERAL INFORMATION
fixed length control field 251222s1981 ua ||||fr|||| 00| 0 ara d
017 ## - COPYRIGHT OR LEGAL DEPOSIT NUMBER
Copyright or legal deposit number 804923
020 ## - INTERNATIONAL STANDARD BOOK NUMBER
International Standard Book Number 977305253
040 ## - CATALOGING SOURCE
Original cataloging agency EG-GICUC
Language of cataloging ara
Transcribing agency EG-GICUC
Modifying agency EG-GICUC
Description conventions rda
041 0# - LANGUAGE CODE
Language code of text/sound track or separate title ara
082 04 - DEWEY DECIMAL CLASSIFICATION NUMBER
Edition number 21
Classification number 345.45711
Item number م ح . إ
092 04 - LOCALLY ASSIGNED DEWEY CALL NUMBER (OCLC)
Edition number 21
099 ## - LOCAL FREE-TEXT CALL NUMBER (OCLC)
Classification number Law1 07 345.45711 م ح . إ 1 ed - 1981
100 0# - MAIN ENTRY--PERSONAL NAME
Personal name محمد محمود ندا
Relator term مؤلف.
245 10 - TITLE STATEMENT
Title إنقضاء الدعوى التأديبية :
Remainder of title دراسة مقارنة /
Statement of responsibility, etc. محمد محمود ندا.
250 ## - EDITION STATEMENT
Edition statement الطبعة الاولى
264 #1 - PRODUCTION, PUBLICATION, DISTRIBUTION, MANUFACTURE, AND COPYRIGHT NOTICE
Place of production, publication, distribution, manufacture القاهرة :
Name of producer, publisher, distributor, manufacturer دار الفكر الحديث العربي،
Date of production, publication, distribution, manufacture, or copyright notice 1981.
300 ## - PHYSICAL DESCRIPTION
Extent 442 ؛ صفحة
Dimensions 24 سم.
Other physical details إيضاحيات، صور، مثيليات ؛
336 ## - CONTENT TYPE
Source rda content
Content type term text
337 ## - MEDIA TYPE
Source rda media
Media type term Computer
338 ## - CARRIER TYPE
Source rda carrier
Carrier type term Online Resource
504 ## - BIBLIOGRAPHY, ETC. NOTE
Bibliography, etc. note يحتوي على ارجاعات ببليوجرافية<br/>يحتوي على قائمة بالمراجع
546 ## - LANGUAGE NOTE
Language note النص أغلبه باللغة العربية مع بعض النصوص الفرنسية
650 14 - SUBJECT ADDED ENTRY--TOPICAL TERM
Topical term or geographic name entry element إنقضاء الدعوى التأديبية
General subdivision القانون الإداري
856 40 - ELECTRONIC LOCATION AND ACCESS
Uniform Resource Identifier <a href="https://fll.law.cu.edu.eg/fulltext/bks/B07-01738.pdf">https://fll.law.cu.edu.eg/fulltext/bks/B07-01738.pdf</a>
905 ## - Cataloger and Reviser Names
Cataloger Name: Rawan khaled
942 ## - ADDED ENTRY ELEMENTS (KOHA)
Source of classification or shelving scheme Dewey Decimal Classification
Koha item type Books
Edition 21
Suppress in OPAC No
Holdings
Withdrawn status Lost status Source of classification or shelving scheme Damaged status Not for loan Collection Home library Current library Date acquired Total checkouts Full call number Barcode Date last seen Copy number Price effective from Koha item type
    Dewey Decimal Classification   Not for loan القانون الإداري جــــامعة القــاهرة مكتبة كلية الحقوق - المبنى الرئيسي 22.12.2025   Law1 07 345.45711 م ح . إ 1 ed - 1981 0701738 C1 B07-01738 22.12.2025 1 22.12.2025 Books
    Dewey Decimal Classification     القانون الإداري جــــامعة القــاهرة مكتبة كلية الحقوق - المبنى الرئيسي 22.12.2025   Law1 07 345.45711 م ح . إ 1 ed - 1981 0701737 C2 B07-01737 22.12.2025 2 22.12.2025 Books
    Dewey Decimal Classification يحتاج إلى ترميم   القانون الإداري جــــامعة القــاهرة مكتبة كلية الحقوق - فـرع الشيخ زايد 29.12.2025   Law2 07 345.45711 م ح . ا 1 ed - 1981 0702257 C3 B07-02257 29.12.2025 3 29.12.2025 Books

© All rights reserved — Faculty of Law, Cairo University